000 00796nam a2200217 a 4500
003 0
005 20250321094611.0
008 090806s19uu xx 00 eng d
050 _aPHS QP 801.C24
_b.H99 2008
100 _aHwang, Jeong Min.
245 _aCaffeine content of green tea and black tea at different water temperatures /
_cJeong Min Hwang.
260 _aLas PiƱas City, Philippines :
_bSouthville International School and Colleges,
_c2008.
300 _a36 pages :
_billustrations ;
_c29 cm.
504 _aIncludes bibliographical references.
650 _aCaffeine
_xAnalysis.
650 _aTea
_xComposition.
650 _aGreen tea
_xChemical properties.
650 _aBlack tea
_xChemical properties.
650 _aTemperature
_xEffect on chemical reactions.
942 _2lcc
_cPASS
999 _c98139
_d98139